[Event "New York op"]
[Site "New York"]
[Date "1989.??.??"]
[Round "6"]
[White "Kudrin, Sergey"]
[Black "Fishbein, Alexander"]
[Result "1-0"]
[WhiteElo "2550"]
[BlackElo "2490"]

1.e4 c5 2.Nf3 Nc6 3.d4 cxd4 4.Nxd4 e5 5.Nb5 d6 6.N1c3 a6 7.Na3 b5 8.Nd5 Nf6
9.Bg5 Qa5+ 10.Bd2 Qd8 11.Bd3 Nxd5 12.exd5 Ne7 13.c4 g6 14.cxb5 Bg7 15.O-O O-O
16.Bc4 Bb7 17.Bg5 f6 18.Be3 Nf5 19.bxa6 Bxa6 20.Qd3 Nxe3 21.fxe3 e4 22.Qe2 Qb6
23.Bxa6 Qxa6 24.Qxa6 Rxa6 25.Rac1 f5 26.Rc6 Rxc6 27.dxc6 Rc8 28.b4 Rxc6 29.b5 Rc8
30.b6 Kf8 31.Rb1 Ke7 32.Nc4 d5 33.b7 Rb8 34.a4 dxc4 35.a5 Kd7 36.a6 Kc7 37.Rb5 Bf8
38.a7 Rxb7 39.a8=Q Rxb5 40.Qxf8 Kc6 41.Qe8+ Kc5 42.Qe7+ Kd5 43.Qg7 Kc5 44.Kf2 Rb3
45.Ke2 Kb4 46.g4 Ra3 47.Qb2+ Rb3 48.Qe5 Ra3 49.gxf5 gxf5 50.Qxf5 Kb3 51.Qb5+ Kc3
52.Qb1 Rb3 53.Qxe4 Ra3 54.Qxh7 Ra2+ 55.Kf3 Kb2 56.Qb7+ Kc1 57.Qb4 Rc2 58.h4  1-0

[Event "World op"]
[Site "Philadelphia"]
[Date "1989.??.??"]
[Round "2"]
[White "Fishbein, Alexander"]
[Black "Southam, David"]
[Result "1-0"]
[WhiteElo "2490"]
[BlackElo "2255"]

1.e4 e5 2.Nf3 Nc6 3.Bb5 a6 4.Ba4 Nf6 5.O-O Be7 6.Re1 b5 7.Bb3 d6 8.c3 O-O
9.d4 Bg4 10.Be3 exd4 11.cxd4 Na5 12.Bc2 c5 13.dxc5 dxc5 14.Nbd2 Nc6 15.Qb1 Nd7
16.e5 g6 17.Bh6 Re8 18.e6 Bf8 19.Bg5 f6 20.Bxg6 Re7 21.Be4 Rxe6 22.Bd5 fxg5
23.Bxe6+ Bxe6 24.Rxe6 Rc8 25.Qf5 h6 26.Rxc6  1-0

[Event "World op"]
[Site "Philadelphia"]
[Date "1989.??.??"]
[Round "3"]
[White "Browne, Walter S"]
[Black "Fishbein, Alexander"]
[Result "1/2-1/2"]
[WhiteElo "2535"]
[BlackElo "2490"]

1.d4 f5 2.g3 Nf6 3.Bg2 g6 4.c4 Bg7 5.Nc3 O-O 6.Nf3 c6 7.O-O Ne4 8.Qb3 Qb6
9.Qc2 Nxc3 10.bxc3 d6 11.Bg5 Qc7 12.e4 e5 13.c5 dxc5 14.dxe5 fxe4 15.Qxe4 a6
16.Bf4 Qe7 17.Rfd1 Nd7  1/2-1/2

[Event "Stavanger op"]
[Site "Stavanger"]
[Date "1989.??.??"]
[Round "1"]
[White "Fishbein, Alexander"]
[Black "Agdestein, Espen"]
[Result "1/2-1/2"]
[WhiteElo "2490"]
[BlackElo "2335"]

1.e4 c5 2.Nf3 e6 3.d4 cxd4 4.Nxd4 Nf6 5.Nc3 Nc6 6.Ndb5 d6 7.Bf4 e5 8.Bg5 a6
9.Na3 Be6 10.Nc4 Rc8 11.Bxf6 gxf6 12.Bd3 Ne7 13.Ne3 Qb6 14.O-O Rg8 15.Ncd5 Bxd5
16.Nxd5 Nxd5 17.exd5 h6 18.a4 Rc7 19.Qf3 Qxb2 20.Qxf6 Qd4 21.Rad1 Qg4 22.g3 h5
23.Rde1 Be7 24.Qh6 Qg5 25.Qxg5 Bxg5 26.Rb1 Ke7 27.Rb2 a5 28.Rfb1 Rb8 29.Ba6 Bd2
30.Bxb7 Rc4 31.Bc6 Rxb2 32.Rxb2 Rb4 33.Ra2 Bc3 34.Ra3 Bd4 35.Rd3 h4 36.Kg2 hxg3
37.hxg3 Bc5 38.Rb3  1/2-1/2

[Event "Stavanger op"]
[Site "Stavanger"]
[Date "1989.??.??"]
[Round "2"]
[White "Mednis, Edmar John"]
[Black "Fishbein, Alexander"]
[Result "1/2-1/2"]
[WhiteElo "2450"]
[BlackElo "2490"]

1.c4 f5 2.Nf3 Nf6 3.b3 g6 4.Bb2 Bg7 5.g3 O-O 6.Bg2 d6 7.d4 Ne4 8.O-O Nc6
9.Nbd2 Nxd2 10.Qxd2 e5 11.dxe5 dxe5 12.Qd5+ Kh8 13.Qxd8 Rxd8 14.Rad1 Rxd1  1/2-1/2

[Event "Stavanger op"]
[Site "Stavanger"]
[Date "1989.??.??"]
[Round "3"]
[White "Fishbein, Alexander"]
[Black "King, Daniel J"]
[Result "1/2-1/2"]
[WhiteElo "2490"]
[BlackElo "2500"]

1.e4 c5 2.Nf3 d6 3.d4 cxd4 4.Nxd4 Nf6 5.Nc3 a6 6.a4 Nc6 7.Be2 e5 8.Nxc6 bxc6
9.f4 Nd7 10.a5 Be7 11.O-O O-O 12.Be3 Qc7 13.Na4 Bf6 14.Qd2 Bb7 15.Rad1 d5
16.c4 d4 17.fxe5 Bxe5 18.Bxd4 Bxh2+ 19.Kh1 Rad8 20.Qg5 f6 21.Qf5 Bc8 22.Qh5 Be5
23.Bb6 Nxb6 24.axb6 Qe7 25.c5 Be6 26.Qf3 Rde8 27.b3 f5 28.Bc4 Bxc4 29.bxc4 Qh4+
30.Qh3 Qxe4 31.b7 Re6 32.Rfe1 Qc2 33.Nb6 Rh6 34.Qxh6 gxh6 35.Nd7 Bg3 36.Nxf8 Kxf8
37.Rd8+ Kg7 38.b8=Q Bxb8 39.Rxb8 Qxc4 40.Rb7+ Kg6 41.Ree7 a5 42.Rbc7 Qxc5
43.Re6+ Kg5 44.Rexc6 Qd4 45.Rc1 Qh4+ 46.Kg1 Qd4+ 47.Kh1 h5 48.R7c3 h4 49.Rc4 Qd2
50.R4c2 Qd4 51.Rc4 Qd2 52.R4c2 Qd6 53.Rc6 Qd3 54.R6c3 Qd4 55.Rc4 Qd3 56.R4c3 Qe4
57.Rc4 Qe2 58.R4c2 Qh5 59.Rc3 a4 60.Kh2 Qe2 61.Kh1 Kh5 62.Ra3 Qe4 63.Rcc3 Kg5
64.Rh3 Qb4 65.Rhf3 Kf6  1/2-1/2

[Event "Stavanger op"]
[Site "Stavanger"]
[Date "1989.??.??"]
[Round "7"]
[White "Fishbein, Alexander"]
[Black "Fossan, Petter"]
[Result "1-0"]
[WhiteElo "2490"]
[BlackElo "2305"]

1.e4 c5 2.Nf3 d6 3.d4 cxd4 4.Nxd4 Nf6 5.Nc3 g6 6.Be2 Bg7 7.O-O Nc6 8.Nb3 O-O
9.Bg5 a5 10.a4 Be6 11.f4 Rc8 12.Kh1 Nb4 13.Nd4 Bc4 14.Ndb5 Qb6 15.Bh4 Qc5
16.Bd3 Rfe8 17.f5 Nxd3 18.cxd3 Bxb5 19.axb5 b6 20.Ra4 Qc7 21.Qb3 Qd8 22.Rd4 Rf8
23.fxg6 hxg6 24.e5 Ne8 25.Nd5  1-0

[Event "Stavanger op"]
[Site "Stavanger"]
[Date "1989.??.??"]
[Round "9"]
[White "Bern, Ivar"]
[Black "Fishbein, Alexander"]
[Result "0-1"]
[WhiteElo "2360"]
[BlackElo "2490"]

1.d4 Nf6 2.c4 c5 3.d5 b5 4.cxb5 a6 5.bxa6 g6 6.g3 d6 7.Bg2 Bg7 8.Nc3 Bxa6
9.Nh3 Nbd7 10.O-O O-O 11.f4 Nb6 12.Nf2 Nc4 13.e3 Qa5 14.Nd3 Rfb8 15.Rf2 Ra7
16.f5 Rab7 17.fxg6 hxg6 18.Ne4 Bb5 19.Nxf6+ Bxf6 20.h4 Bd7 21.Qf1 Be8 22.h5 g5
23.Be4 Qd8 24.Rc2 Na3 25.Rh2 Bd7 26.h6 c4 27.Ne1 Rc7 28.Nc2 Nxc2 29.Bxc2 Bg4
30.Qg2 e6 31.a4 Qe7 32.a5 Ra7 33.Ra4 Rc8 34.Qe4 Bf5 35.Rxc4 Rac7 36.Rxc7 Qxc7
37.Qf3 Qxa5 38.Bd2 Qa1+ 39.Bd1 g4 40.Qf4 Qxd1+  0-1

[Event "Troll Masters"]
[Site "Gausdal"]
[Date "1990.??.??"]
[Round "2"]
[White "Fishbein, Alexander"]
[Black "Wessman, Richard"]
[Result "1/2-1/2"]
[WhiteElo "2470"]
[BlackElo "2505"]

1.e4 c5 2.Nf3 Nc6 3.d4 cxd4 4.Nxd4 Nf6 5.Nc3 d6 6.Be2 e5 7.Nf3 h6 8.O-O Be7
9.Re1 O-O 10.h3 a6 11.Bf1 Qc7 12.Be3 b5 13.a4 b4 14.Nd5 Nxd5 15.exd5 Na5
16.Bd2 Rb8 17.Re4 Qc5 18.Be3 Qc7 19.Bd2 Qc5 20.Qe1 Qxc2 21.Rc1 Qxb2 22.Rxb4 Rxb4
23.Bxb4 Nb3 24.Rb1 Qc2 25.Nxe5 Bf5 26.Rd1 Bg5 27.Nc4 Rd8 28.Nxd6 a5 29.Nxf5 axb4
30.Bd3 Qc3 31.Ne7+ Kf8 32.Nc6 Rxd5 33.Nxb4 Qxe1+ 34.Rxe1 Bd2 35.Nxd5 Bxe1
36.Kf1 Ba5 37.Ke2 f6 38.Bc2 Nc5 39.Ke3 Ne6 40.Kd3 Ke8 41.Kc4 Kd8 42.Bf5 Nc7
43.Nb4 Ke8 44.Bg6+ Kd7 45.Kc5 Ke6 46.g4 Na8 47.Nd5 Nc7 48.Nf4+ Ke7 49.Bf5 Bd2
50.Nd3 Na6+ 51.Kb5 Nc7+ 52.Kc6 Na6 53.Kb6 Nb4 54.Nxb4 Bxb4 55.a5 Kd6 56.f3 Bc5+
57.Kb7 Ke5 58.a6 Kf4 59.Be4 Kg3 60.a7 Bxa7 61.Kxa7 Kxh3 62.Kb6 Kg3 63.Kc5 g6
64.Kd4 h5 65.gxh5 gxh5 66.Ke3 h4 67.f4 h3 68.Bf3 f5 69.Bd1 h2 70.Bf3 Kh4
71.Bh1 Kg3 72.Bc6 Kg4  1/2-1/2

[Event "Troll Masters"]
[Site "Gausdal"]
[Date "1990.??.??"]
[Round "5"]
[White "Magnusson, Joergen"]
[Black "Fishbein, Alexander"]
[Result "1/2-1/2"]
[WhiteElo "2280"]
[BlackElo "2470"]

1.c4 f5 2.Nf3 Nf6 3.g3 g6 4.Bg2 Bg7 5.O-O O-O 6.Nc3 d6 7.d4 Nc6 8.b3 e5 9.dxe5 dxe5
10.Ba3 Re8 11.Qxd8 Rxd8 12.Rad1 Rxd1 13.Rxd1 e4 14.Ne1 Be6 15.Nc2 Ne8 16.Nd5 Be5
17.f3 exf3 18.exf3 Kf7 19.f4 Bg7 20.Bc5 Rd8 21.Bf3 b6 22.Be3 Ne7 23.Nxe7 Rxd1+
24.Bxd1 Kxe7 25.Bf3 Kd6 26.Nd4 Bd7 27.b4 c6 28.Kf2 Kc7 29.Ke2 Bf8 30.Bxc6 Bxb4
31.Bxd7 Kxd7 32.Nb3 Kd6 33.Bd4 Nc7 34.Be5+ Kd7 35.Nd4 Bc5 36.Nb5 Nxb5 37.cxb5 Ke6
38.Bb8 Kd5 39.Bxa7 Kc4 40.a4 Kb4 41.Kd3 Bg1 42.h3 h5 43.a5 Kxa5 44.Kc4 Bh2
45.Kd5 Bxg3 46.Kc6 Bf2 47.Bb8 h4 48.Bc7 Be3 49.Be5 Kb4 50.Bc7 Kc4 51.Bxb6 Bxf4
52.Bd8 g5 53.b6 g4 54.Bc7 Be3 55.b7 Ba7 56.hxg4 fxg4 57.Bb6 h3  1/2-1/2

[Event "Troll Masters"]
[Site "Gausdal"]
[Date "1990.??.??"]
[Round "6"]
[White "Fishbein, Alexander"]
[Black "Elseth, Roar"]
[Result "1/2-1/2"]
[WhiteElo "2470"]
[BlackElo "2335"]

1.e4 c5 2.Nf3 Nc6 3.d4 cxd4 4.Nxd4 e5 5.Nb5 d6 6.N1c3 a6 7.Na3 b5 8.Nd5 Be7
9.Bd2 Rb8 10.c4 b4 11.Nc2 a5 12.Bd3 Nf6 13.O-O O-O 14.Nce3 Nxd5 15.cxd5 Nd4
16.Nc4 Bg5 17.Bxg5 Qxg5 18.Kh1 Qd8 19.f4 f6 20.Rf2 Ra8 21.fxe5 dxe5 22.b3 Nb5
23.Qe1 Bd7 24.h3 Nd4 25.Nb2 Qb6 26.Rb1 Rfc8 27.Nc4 Qc5 28.Rfb2 Nb5 29.Qg1 Nd4
30.Rc1 Rab8 31.Rbb1 Qa7 32.Qe1 Nb5 33.Ra1 Nd4 34.Nb2 Qb6 35.Rxc8+ Rxc8 36.Rc1 Rc5
37.Qd2 Qc7 38.Bc4 Qd6 39.Bd3 Qc7 40.Bc4 Qd6 41.Bf1 Qc7 42.Rc4 Bb5 43.Rxc5 Qxc5
44.Bxb5 Nxb5 45.Nc4 Nd4 46.Qd3 Kf8 47.Kh2 Kf7 48.Qd1 g6 49.Qg4 Qc7 50.h4 Kg7
51.h5 Qd8 52.d6 Kf7 53.Nxa5 Qxd6 54.hxg6+ hxg6 55.Qc8 Qf8 56.Qc4+ Kg7 57.Kg1 Qd6
58.Kf1 f5 59.Nb7 Qf6 60.Qc7+ Kh6 61.Qd6 Qxd6 62.Nxd6 Kg5 63.Kf2 Kf4 64.g3+ Kg5
65.exf5 gxf5 66.Nc4 Kf6 67.Ke3 Ke6 68.Kd3 Kd5 69.Ke3 Nb5 70.Nb6+  1/2-1/2

[Event "Troll Masters"]
[Site "Gausdal"]
[Date "1990.??.??"]
[Round "7"]
[White "Engqvist, Thomas"]
[Black "Fishbein, Alexander"]
[Result "1/2-1/2"]
[WhiteElo "2335"]
[BlackElo "2470"]

1.d4 f5 2.g3 Nf6 3.Bg2 g6 4.c4 Bg7 5.Nf3 O-O 6.O-O d6 7.d5 c5 8.Nc3 Na6 9.Rb1 Bd7
10.a3 Rb8 11.Re1 Kh8 12.Ng5 Nc7 13.b4 Ng4 14.Na4 Qe8 15.b5 h6 16.Nf3 Rd8
17.Bb2 a6 18.Bxg7+ Kxg7 19.Nb6 axb5 20.Nxd7 Qxd7 21.cxb5 Nf6 22.Nd2 Ncxd5
23.Qb3 Nb6 24.e4 e5 25.exf5 gxf5 26.Bh3 Nh7 27.f4 exf4 28.gxf4 Qf7 29.Qc3+ Qf6
30.Re7+ Rf7 31.Qg3+ Kf8 32.Rxf7+ Kxf7 33.Kh1 Rg8 34.Qd3 Qd4 35.Qxf5+ Nf6
36.Qe6+ Kg7 37.Rg1+ Kh8 38.Rxg8+ Nxg8 39.Qe2 Qxf4 40.Bg2 c4 41.a4 c3 42.Ne4 Nxa4
43.Qd3 d5 44.Nxc3 Nxc3 45.Qxc3+ d4 46.Qc4 b6 47.h3 Qd6 48.Bd5 Nf6 49.Be6 Qd8
50.Qc1 Kg7 51.Qg1+ Kf8 52.Qg6 Ke7 53.Qf7+ Kd6 54.Bf5 Qe7 55.Qc4 Qb7+ 56.Kg1 Qd5
57.Qc8 Ke5 58.Bd3 Qe6 59.Qc7+ Qd6 60.Qg7 Qb4 61.Qxh6 Qe1+  1/2-1/2

[Event "Troll Masters"]
[Site "Gausdal"]
[Date "1990.??.??"]
[Round "8"]
[White "Fishbein, Alexander"]
[Black "Stein, Bernd"]
[Result "1/2-1/2"]
[WhiteElo "2470"]
[BlackElo "2415"]

1.e4 e5 2.Nf3 Nc6 3.Bb5 a6 4.Ba4 b5 5.Bb3 Na5 6.O-O d6 7.d4 Nxb3 8.axb3 exd4
9.Nxd4 Bb7 10.Nc3 g6 11.Qd3 Bg7 12.Bf4 Qd7 13.b4 Ne7 14.Nb3 Rd8 15.Rfd1 Nc6
16.Nd5 O-O 17.Bg5 f6 18.Bh4 g5 19.Bg3 f5 20.exf5 Qxf5 21.Qxf5 Rxf5 22.c3 Rf7
23.Ne3 Re8 24.Re1 Kf8 25.h4 h6 26.Rad1 Re6 27.Kf1 Re8 28.hxg5 hxg5 29.Ra1 Re6
30.Nd2 Be5 31.Ng4 Rfe7 32.Nxe5 Nxe5 33.Bxe5 Rxe5 34.Rxe5 Rxe5 35.f3 Kf7 36.Kf2 Kg6
37.g3 c5 38.f4 gxf4 39.gxf4 Rh5 40.Rg1+ Kf6 41.Rg3 Rh1 42.Rd3 Rh2+ 43.Ke1 Ke6  1/2-1/2

[Event "Groningen op"]
[Site "Groningen"]
[Date "1990.??.??"]
[Round "4"]
[White "Fishbein, Alexander"]
[Black "Zamansky, L."]
[Result "0-1"]
[WhiteElo "2470"]
[BlackElo "2320"]

1.e4 c5 2.Nf3 e6 3.d4 cxd4 4.Nxd4 Nf6 5.Nc3 d6 6.Be2 Be7 7.O-O O-O 8.f4 Nc6
9.Be3 Bd7 10.Nb3 a6 11.a4 b6 12.Bf3 Qc7 13.Qe2 Nb4 14.g4 Bc6 15.g5 Nd7 16.Nd4 Bb7
17.Bg2 Rfe8 18.Rf3 Bf8 19.Rh3 g6 20.f5 exf5 21.exf5 Ne5 22.Bxb7 Qxb7 23.Qg2 Qxg2+
24.Kxg2 Nc4 25.Bg1 Rac8 26.Rf1 d5 27.Rf4 Be7 28.f6 Bd6 29.Rfh4 h5 30.Nf5 Bf8
31.Ng3 Nxc2 32.Nxh5 N2e3+ 33.Kh1 Nf5 34.Rf4 Re1 35.Ng3 Bc5 36.Nf1 Bxg1 37.Kxg1 Nce3
38.Rhf3 d4 39.Ne4 Rc2 40.Ng3 Rxb2 41.Nxf5 Nxf5 42.h4 Ree2 43.Rg4 b5 44.axb5 axb5
45.Ra3 Ne3 46.Nxe3 dxe3 47.Ra1 b4 48.h5 Kh7 49.Rh4 Rg2+ 50.Kh1 Rxg5 51.Ra7 Rxh5  0-1

[Event "New York WFW"]
[Site "New York"]
[Date "1990.??.??"]
[Round "?"]
[White "Fishbein, Alexander"]
[Black "Larsen, Bent"]
[Result "1-0"]
[WhiteElo "2470"]
[BlackElo "2545"]

1.d4 Nf6 2.c4 c5 3.d5 g6 4.Nc3 d6 5.e4 Bg7 6.Nf3 O-O 7.h3 e6 8.Bd3 exd5 9.cxd5 Re8
10.O-O c4 11.Bc2 Bd7 12.Bf4 Qb6 13.Rb1 Na6 14.e5 dxe5 15.Nxe5 Rac8 16.d6 Nb8
17.Qf3 Nc6 18.Nxd7 Nxd7 19.Ba4 Qa5 20.Bxc6 Rxc6 21.Rfe1 Re6 22.Rxe6 fxe6
23.Re1 Qf5 24.g4 Qf7 25.Qe4 e5 26.Be3 a6 27.Qg2 Rxd6 28.Qxb7 Nf6 29.Qc8+ Qe8
30.Qxc4+ Kh8 31.Rd1 Rxd1+ 32.Nxd1 h5 33.Nc3 hxg4 34.hxg4 Qd7 35.f3 Qb7 36.Qe2 e4
37.f4 Nd5 38.Nxd5 Qxd5 39.b3 a5 40.Qd2 Qb5 41.Bd4 Qd7 42.Bxg7+ Qxg7 43.Kf2 Qa7+
44.Qe3 Qd7 45.g5 Kh7 46.Qxe4 Qd2+ 47.Kg3 Qxa2 48.Qe7+ Kg8 49.Qe6+  1-0

[Event "New York WFW"]
[Site "New York"]
[Date "1990.??.??"]
[Round "?"]
[White "Fishbein, Alexander"]
[Black "Kotronias, Vasilios"]
[Result "1-0"]
[WhiteElo "2470"]
[BlackElo "2510"]

1.c4 e5 2.g3 c6 3.d4 exd4 4.Qxd4 d5 5.Bg2 Nf6 6.Nf3 Be7 7.cxd5 cxd5 8.O-O O-O
9.Be3 Ng4 10.Bf4 Nc6 11.Qd3 Be6 12.Nc3 g5 13.Bc1 d4 14.Ne4 h6 15.h3 Nf6 16.Rd1 Qc8
17.Nxd4 Nxd4 18.Qxd4 Rd8 19.Qa4 Rxd1+ 20.Qxd1 Bxh3 21.Bxh3 Qxh3 22.Nxf6+ Bxf6
23.Qb3 Re8 24.Be3 b6 25.Rd1 Qg4 26.Rd6 Kg7 27.Qd3 Be5 28.Rd5 Bxg3 29.Qd4+ Qxd4
30.Bxd4+ Kg6 31.fxg3 Rxe2 32.Bc3 f5 33.a4 Re6 34.Kf2 Rc6 35.Kf3 h5 36.Rd7 a6
37.Rg7+ Kh6 38.Ra7 b5 39.a5 h4 40.gxh4 gxh4 41.Rb7 Kg5 42.Bd2+ f4 43.Bxf4+ Kf5
44.Rc7 Re6 45.Rc5+ Kg6 46.Kg4 Re2 47.Rc6+ Kf7 48.b4 Re4 49.Kf5 Rxb4 50.Rxa6 h3
51.Ra7+ Kg8 52.Ra8+ Kf7 53.a6 Ra4 54.a7  1-0

[Event "New York WFW"]
[Site "New York"]
[Date "1990.??.??"]
[Round "?"]
[White "Averbakh, Yuri L"]
[Black "Fishbein, Alexander"]
[Result "1/2-1/2"]
[WhiteElo "2450"]
[BlackElo "2470"]

1.g3 f5 2.d4 Nf6 3.Bg2 d6 4.Nc3 d5 5.Bg5 e6 6.e3 Be7 7.Nge2 O-O 8.O-O c6
9.f3 h6 10.Bf4 Nh5 11.Bxb8 Rxb8 12.e4 Nf6 13.Qd3 Qe8 14.Rae1 Qf7 15.exf5 exf5
16.Nf4 Bd6 17.Qd2 b6 18.Rf2 Ba6 19.Bf1 Bxf1 20.Rfxf1 Rbe8 21.Nd3 Qc7 22.Kg2 Kf7
23.Rxe8 Rxe8 24.Re1 Rxe1 25.Qxe1 Qe7 26.Qxe7+ Kxe7 27.Ne5 Bxe5 28.dxe5 Nd7
29.f4 d4 30.Ne2 c5 31.Kf3 Ke6 32.b3 Nb8 33.c4 Nc6 34.Nc1 Nb4 35.Ke2 Ke7 36.Kd2 Ke6
37.a3 Nc6 38.Nd3 Na5 39.Kc2 g6 40.Nc1 Nc6 41.Nd3 a5 42.Kd2 g5 43.h3 g4 44.h4 Kd7  1/2-1/2

[Event "New York op"]
[Site "New York"]
[Date "1990.??.??"]
[Round "1"]
[White "Fishbein, Alexander"]
[Black "Olafsson, Helgi"]
[Result "0-1"]
[WhiteElo "2470"]
[BlackElo "2575"]

1.e4 c5 2.Nf3 d6 3.d4 cxd4 4.Nxd4 Nf6 5.Nc3 a6 6.a4 Nc6 7.Be2 e5 8.Nxc6 bxc6
9.f4 Qa5 10.O-O Be7 11.Qd3 O-O 12.Bd2 exf4 13.Rxf4 Qc7 14.a5 Nd7 15.Qg3 Bf6
16.Rf3 Be5 17.Qh4 Bd4+ 18.Kh1 Ne5 19.Rff1 Be6 20.Ra4 Qa7 21.Nd1 Ng6 22.Qh5 Rae8
23.c3 Be5 24.Be3 c5 25.b4 Rc8 26.Ra3 Qb7 27.bxc5 dxc5 28.Nf2 Rfd8 29.Qf3 c4
30.Bb6 Rd2 31.Rd1 Qd7 32.Raa1 Qd6 33.Qe3 Bf4 34.Rxd2 Qxd2 35.Qxd2 Bxd2 36.Bd4 Rb8
37.Rd1 Rb2 38.Bf3 f6 39.Ng4 Nh4 40.Ne3 Kf7 41.Bh5+ g6 42.Bf3 h5 43.Rg1 Nxf3
44.gxf3 Rb3 45.Nd1 Ra3 46.Rg2 Bf4 47.Bb6 h4 48.Rg1 h3 49.Rf1 Ke8 50.Kg1 Kd7
51.Bd4 Rxa5 52.Bxf6 Ra2 53.Nf2 a5 54.Bh4 a4 55.Bg3 Bxg3 56.hxg3 a3 57.Rc1 Rb2
58.Nd1 Rg2+ 59.Kf1 Rxg3  0-1

[Event "New York Manhattan"]
[Site "New York"]
[Date "1990.??.??"]
[Round "2"]
[White "Ginsburg, Mark"]
[Black "Fishbein, Alexander"]
[Result "1-0"]
[WhiteElo "2400"]
[BlackElo "2470"]

1.d4 f5 2.Nc3 d5 3.e4 dxe4 4.Bf4 Nf6 5.Bc4 e6 6.Nge2 Bd6 7.O-O O-O 8.f3 exf3
9.Rxf3 Kh8 10.Qd2 Nc6 11.Rd1 Re8 12.Bg5 Be7 13.Rh3 e5 14.Qe1 Ng4 15.Qh4 h6
16.dxe5 Bxg5 17.Rxd8 Bxd8 18.Qh5 Rf8 19.e6 Nce5 20.Nf4 Kh7 21.Be2 Be7 22.Ncd5 g6
23.Nxg6 Bc5+ 24.Ne3 Bxe6 25.Nxe5 Rf6 26.Nxg4 fxg4 27.Qxc5 Raf8 28.Bd3+  1-0

[Event "New York op"]
[Site "New York"]
[Date "1990.??.??"]
[Round "3"]
[White "Fishbein, Alexander"]
[Black "Lerner, Konstantin Z"]
[Result "0-1"]
[WhiteElo "2470"]
[BlackElo "2560"]

1.e4 c5 2.Nf3 d6 3.d4 cxd4 4.Nxd4 Nf6 5.Nc3 Nc6 6.Be2 g6 7.O-O Nxd4 8.Qxd4 Bg7
9.Qa4+ Bd7 10.Qb4 Bc6 11.Rd1 a5 12.Qc4 Nd7 13.Bg5 h6 14.Bh4 Ne5 15.Qb3 a4
16.Qb4 g5 17.Bg3 a3 18.bxa3 Qa5 19.Nd5 Qxa3 20.Nc7+ Kf8 21.Qb3 Ra5 22.f3 Nd7
23.Rab1 Qxa2 24.Bc4 Qxb3 25.cxb3 Ne5 26.b4 Ra4 27.Bb3 Ra3 28.b5 Bd7 29.Bd5 b6
30.Bf2 e6 31.Bc6 Ke7 32.Bxb6 Nxc6 33.bxc6 Bxc6 34.Nb5 Bxb5 35.Rxb5 Rb8 36.Rbb1 Be5
37.Bf2 Rxb1 38.Rxb1 h5 39.Be1 g4 40.Bh4+ Kf8 41.Rf1 Ra2 42.Bg3 Bd4+ 43.Kh1 Bc5
44.h3 gxh3 45.gxh3 Ke7 46.Rc1 Kd7 47.Bf4 Bd4 48.Rd1 e5 49.Rd2 Ra3  0-1

[Event "New York Manhattan"]
[Site "New York"]
[Date "1990.??.??"]
[Round "4"]
[White "Geller, Efim P"]
[Black "Fishbein, Alexander"]
[Result "1/2-1/2"]
[WhiteElo "2515"]
[BlackElo "2470"]

1.e4 c5 2.Nf3 Nc6 3.d4 cxd4 4.Nxd4 Nf6 5.Nc3 d6 6.Be2 e5 7.Nf3 h6 8.O-O Be7
9.Re1 O-O 10.h3 a6 11.Bf1 Qc7 12.Be3 Be6 13.Nd5 Bxd5 14.exd5 Na5 15.b3 b5
16.c4 bxc4 17.b4 Nb7 18.Rc1 c3 19.Qb3 Rfc8 20.Bd2 Qd7 21.Rxc3 Rxc3 22.Bxc3 a5
23.a4 axb4 24.Bb5 Na5 25.Qd1 Qb7 26.Bxb4 Nxd5 27.Bxa5 Rxa5 28.Qd2 Ra7 29.Rc1 Nf4
30.Rc6 Ne6 31.Qc2 Nc5 32.Nd2 Qb8 33.Ne4 Rc7 34.Nxc5 dxc5 35.a5 Rxc6 36.Bxc6 Qa7
37.Qa4 c4 38.Bd5 c3 39.Bb3 Bf8 40.a6 e4 41.Kf1 g6 42.Qc6  1/2-1/2

[Event "New York op"]
[Site "New York"]
[Date "1990.??.??"]
[Round "5"]
[White "Fishbein, Alexander"]
[Black "Friedman, Aviv"]
[Result "1-0"]
[WhiteElo "2470"]
[BlackElo "2350"]

1.e4 e6 2.d4 d5 3.e5 c5 4.c3 Ne7 5.Nf3 Nec6 6.Be3 b6 7.Bd3 Ba6 8.Bxa6 Nxa6
9.Qa4 Nb8 10.O-O Qd7 11.Qc2 Be7 12.h4 Qd8 13.Rd1 Nd7 14.h5 O-O 15.Qe2 f6
16.exf6 Bxf6 17.h6 g6 18.c4 cxd4 19.cxd5 exd5 20.Nxd4 Nxd4 21.Bxd4 Bxd4 22.Rxd4 Nf6
23.Nc3 Qd6 24.Qd2 Rad8 25.Rd1 Kf7 26.Qg5 Qe7 27.Qf4 Kg8 28.Qd2 Rf7 29.Nxd5 Nxd5
30.Rxd5 Rxd5 31.Qxd5 Qe2 32.Qd8+ Rf8 33.Qd4 Rf7 34.Rc1 Qe6 35.b3 Qd7 36.Qc4 Qd2
37.Qc8+ Rf8 38.Qe6+  1-0

[Event "New York op"]
[Site "New York"]
[Date "1990.??.??"]
[Round "6"]
[White "Abramovic, Bosko"]
[Black "Fishbein, Alexander"]
[Result "0-1"]
[WhiteElo "2495"]
[BlackElo "2470"]

1.e4 c5 2.d3 e6 3.g3 d5 4.Nd2 Nc6 5.Bg2 Nf6 6.f4 dxe4 7.dxe4 b6 8.e5 Nd5
9.Ne4 Bb7 10.Nf3 Be7 11.O-O O-O 12.c3 b5 13.Qe2 Qb6 14.g4 c4+ 15.Kh1 Qc7
16.g5 Rae8 17.Nh4 Rd8 18.Rf3 Nb6 19.Rh3 Rd3 20.Rxd3 cxd3 21.Qxd3 Rd8 22.Qe2 Qd7
23.Be3 Nc4 24.Nf3 Nxe3 25.Qxe3 Na5 26.Nd4 b4 27.Qe2 bxc3 28.bxc3 Qc7 29.Nb5 Qc4
30.Qxc4 Nxc4 31.Nd4 Kf8 32.Ng3 Bxg2+ 33.Kxg2 Bc5 34.Nge2 Ne3+ 35.Kf3 Nd5
36.Nb3 Ba3 37.c4 Nb4 38.c5 Nc6 39.Ke3 a5 40.Ke4 a4 41.Nbd4 Nxd4 42.Nxd4 Rxd4+
43.Kxd4 Bb2+ 44.Kc4 Bxa1 45.Kb5 Ke7 46.Kc6 Kd8 47.Kb7 Bc3 48.c6 Ba5 49.a3 Bc7
50.h3 h6  0-1

[Event "New York Manhattan"]
[Site "New York"]
[Date "1990.??.??"]
[Round "7"]
[White "Fishbein, Alexander"]
[Black "Brooks, Michael A"]
[Result "1/2-1/2"]
[WhiteElo "2470"]
[BlackElo "2460"]

1.e4 e5 2.Nf3 Nc6 3.Bb5 a6 4.Ba4 Nf6 5.O-O Be7 6.Re1 b5 7.Bb3 d6 8.c3 Na5
9.Bc2 c5 10.d4 Qc7 11.Nbd2 cxd4 12.cxd4 O-O 13.Bd3 Bd7 14.Nf1 Nc6 15.d5 Nb4
16.Bb1 Rfc8 17.Ne3 a5 18.a3 Na6 19.b3 Nc5 20.Nd2 Nd3 21.Bxd3 Qc3 22.Bxb5 Qxa1
23.Bxd7 Nxd7 24.Ndc4 g6 25.Qg4 Nf6 26.Qf3 Qb1 27.Bd2 Qxb3 28.Nxd6 Rc7 29.Nef5 Qxf3
30.Nxe7+ Rxe7 31.gxf3 Rc7 32.Rb1 Kg7 33.f4 Rc2 34.fxe5 Rxd2 35.exf6+ Kxf6
36.Rb7 Rd1+ 37.Kg2 Ke5 38.Nxf7+ Kxe4 39.d6 Rf8 40.d7 Rxf7 41.d8=Q Rxd8 42.Rxf7 h5
43.h4 Ke5 44.Ra7 Rd5 45.Ra6 Kf5 46.a4 g5 47.hxg5 Kxg5 48.Rb6 Kf5 49.Rb5 Rxb5
50.axb5 Ke6 51.b6 Kd7 52.f4 a4 53.b7 Kc7 54.f5 a3 55.f6 a2 56.f7 Kxb7 57.f8=Q a1=Q
58.Qf7+ Kc6 59.Qxh5 Qg7+  1/2-1/2

[Event "New York Manhattan"]
[Site "New York"]
[Date "1990.??.??"]
[Round "9"]
[White "Abramovic, Bosko"]
[Black "Fishbein, Alexander"]
[Result "0-1"]
[WhiteElo "2495"]
[BlackElo "2470"]

1.e4 c5 2.Nf3 Nc6 3.d4 cxd4 4.Nxd4 Qb6 5.Nb3 Nf6 6.Nc3 e6 7.Be3 Qc7 8.Bd3 a6
9.f4 d6 10.Qe2 Be7 11.g4 b5 12.O-O-O Nd7 13.g5 Nb4 14.Rhg1 Nxd3+ 15.Qxd3 b4
16.Nb1 a5 17.Nd4 Nc5 18.Qb5+ Bd7 19.Qc4 Qb7 20.Nd2 O-O 21.f5 Rfc8 22.g6 fxg6
23.fxg6 a4 24.Qf1 b3 25.N2xb3 axb3 26.gxh7+ Kh8 27.Rxg7 Nd3+ 28.Rxd3 bxa2
29.Rg8+ Rxg8 30.hxg8=Q+ Kxg8 31.Qg2+ Kf7 32.Qf3+ Bf6 33.Qh5+ Kf8 34.Bh6+ Ke7
35.Bg5 a1=Q+ 36.Kd2 Qa5+  0-1

[Event "World op"]
[Site "Philadelphia"]
[Date "1990.??.??"]
[Round "3"]
[White "Fishbein, Alexander"]
[Black "Browne, Walter S"]
[Result "*"]
[WhiteElo "2470"]
[BlackElo "2560"]

1.d4 Nf6 2.c4 e6 3.g3 Bb4+ 4.Nd2 c5 5.a3 Bxd2+ 6.Qxd2 cxd4 7.Nf3 d5 8.Bg2 Nc6
9.Nxd4 O-O 10.cxd5 exd5 11.O-O Re8 12.b4 Nxd4 13.Qxd4 Rxe2 14.Bg5 Be6 15.Rfc1 h6
16.Bf3 hxg5 17.Bxe2 Qd6 18.Re1 Nd7 19.Bg4 Bxg4 20.Qxg4 Ne5 21.Qe2 f6 22.h3 Qd7
23.Kg2 d4 24.Qe4 Kf7 25.Rad1 Rd8 26.Re2 d3 27.Red2 Qd4 28.Qxd4 Rxd4 29.f3 Ke6
30.Rc1 b5 31.Rcd1 Kd5 32.Kf2 f5 33.Ra2 a6 34.Rb2 f4 35.Rbd2 Kc4 36.gxf4 gxf4
37.Rg1 Kc3 38.Rdd1 d2 39.Rxg7 Nd3+ 40.Ke2 Nc1+ 41.Kf2 Nd3+ 42.Ke2 Nc1+ 43.Kf2 Kc2
44.Rgg1 Rd5 45.Rdf1 Nd3+ 46.Kg2 Rg5+ 47.Kh2 Rxg1 48.Rxg1 Ne1  *

[Event "Beersheba"]
[Site "Beersheba"]
[Date "1991.??.??"]
[Round "?"]
[White "Greenfeld, Alon"]
[Black "Fishbein, Alexander"]
[Result "1-0"]
[WhiteElo "2520"]
[BlackElo "2465"]

1.Nf3 Nf6 2.c4 g6 3.d4 Bg7 4.g3 O-O 5.Bg2 d6 6.O-O Nbd7 7.Nc3 e5 8.e4 c6
9.b3 Qb6 10.Re1 exd4 11.Na4 Qa5 12.Nxd4 Ng4 13.Bb2 Nc5 14.Bc3 Qd8 15.Nxc5 dxc5
16.Ne2 Bxc3 17.Nxc3 Be6 18.h3 Ne5 19.f4 Qd4+ 20.Qxd4 cxd4 21.Ne2 Nd3 22.Red1 Nc5
23.Nxd4 Rad8 24.b4 Na4 25.Nxe6 fxe6 26.c5 Kf7 27.Rd6 Rxd6 28.cxd6 e5 29.Rd1 Rd8
30.Bf1 Nc3 31.Bc4+ Kf6 32.Rd3 Na4 33.Bb3 Nb6 34.Kf2 Rd7 35.Ke3 Nc8 36.h4 Rxd6
37.Rc3 b6 38.a4 Ne7 39.Rc1 Rd4 40.Bc4 a6 41.g4 b5 42.axb5 axb5 43.g5+ Kg7
44.Be6 Rxb4 45.fxe5 Ra4 46.Rf1 Ra7 47.Rf7+ Kh8 48.Kd4 h6 49.Rf8+ Kg7 50.Rf7+ Kh8
51.gxh6 Ra4+ 52.Kc5 Rxe4 53.Kd6 Nd5 54.Bxd5 cxd5 55.Kxd5  1-0

[Event "Beersheba"]
[Site "Beersheba"]
[Date "1991.??.??"]
[Round "?"]
[White "Fishbein, Alexander"]
[Black "Alterman, Boris"]
[Result "0-1"]
[WhiteElo "2465"]
[BlackElo "2465"]

1.c4 c5 2.Nf3 Nc6 3.Nc3 Nf6 4.d4 cxd4 5.Nxd4 g6 6.e4 d6 7.Be2 Nxd4 8.Qxd4 Bg7
9.Be3 O-O 10.Qd2 Be6 11.O-O Qa5 12.Rac1 a6 13.f3 Rfc8 14.Nd5 Qxd2 15.Bxd2 Nxd5
16.cxd5 Bd7 17.b3 Bd4+ 18.Kh1 Bb2 19.Rc4 Bb5 20.Rxc8+ Rxc8 21.Bxb5 axb5 22.a4 Rc2
23.Bh6 b4 24.Be3 Re2 25.Bb6 Bc3 26.Kg1 Rb2 27.Rd1 f5 28.Bd4 Kf7 29.Bxc3 bxc3
30.Rc1 Rxb3 31.Kf2 Rb2+ 32.Kg3 c2 33.exf5 gxf5 34.f4 Rb3+ 35.Kf2 Rc3 36.Ke2 Rc5
37.Ke3 h5 38.g3 Ke8 39.h3 Kd7 40.Kf3 Rc3+ 41.Ke2 Rxg3 42.Rxc2 Rg2+ 43.Kd1 Rxc2
44.Kxc2 e5 45.dxe6+ Kxe6 46.Kc3 Kd5 47.Kb4 Ke4  0-1